| 000 | 01547nas a2200277Ia 4500 | ||
|---|---|---|---|
| 001 | R052-S4619 | ||
| 003 | IT-CnALBA | ||
| 008 | 170116c99999999xx |||||||||||| ||und|| | ||
| 040 |
_aIT-CnALBA _cIT-CnALBA |
||
| 041 | _aITALIANO | ||
| 100 | _aPIGNA P. ARNALDO, OCD. | ||
| 210 | _aRIVISTA DI VITA SPIRITUALE | ||
| 222 | _aRIVISTA DI VITA SPIRITUALE | ||
| 245 | 0 | _aRIVISTA DI VITA SPIRITUALE. MAGGIO GIUGNO 1997. | |
| 250 | _a1a ed. | ||
| 260 |
_a ROMA FI _bOCD. EDIZI. CARMEL. SCALZI _c1997 [1° Ed.:1997 - Ed.Ling.Originale: 1997] |
||
| 300 | _a108 p. | ||
| 310 | _aBIMESTRALE | ||
| 362 | _aFascicolo: 3 / Anno: 51 (1997) | ||
| 500 | _aSALVATORI CON GESÙ. ANNUNCIO DI GESÙ CRISTO SIGNORE. MARIACHER NOEMI M. INABILITAZIONE DIVINA NELL'ESPERIENZA MISTICA DEL CARMELO. S. GIUSEPPE CUSTODE E PADRE DEI VERGINI. CABRA P. G. ITINERARIO SPIRITUALE CON PARTENZA ICONE. MORETTI R. EMINENTE CONOSCENZA DELLE REALTÀ DIVINE. IN MARGINE AL DOTTORATO DI TERESA DI LISIEUX. MARIA E IL CARMELO. | ||
| 501 | _aSocietà San Paolo EM - Piazza San Paolo, 14 - 12051 ALBA (CN) (non commercial uses only) ® Copyright 2017 | ||
| 520 | _aSALVATORI CON GESÙ. ANNUNCIO DI GESÙ CRISTO SIGNORE. MARIACHER NOEMI M. INABILITAZIONE DIVINA NELL'ESPERIENZA MISTICA DEL CARMELO. S. GIUSEPPE CUSTODE E PADRE DEI VERGINI. CABRA P. G. ITINERARIO SPIRITUALE CON PARTENZA ICONE. MORETTI R. EMINENTE CONOSCENZA DELLE REALTÀ DIVINE. IN MARGINE AL DOTTORATO DI TERESA DI LISIEUX. MARIA E IL CARMELO. | ||
| 650 | _aRIVISTE VARIE | ||
| 942 | _cCR | ||
| 957 | _71 | ||
| 999 |
_a66509 _bNO _g1 _c332872 _d332872 |
||